Modern software development using Java /
Guardado en:
| Autor principal: | |
|---|---|
| Otros Autores: | |
| Formato: | Libro |
| Publicado: |
Boston :
Thomson Course Technology,
c2008.
|
| Edición: | 2nd ed. |
| Materias: | |
| Etiquetas: |
Agregar Etiqueta
Sin Etiquetas, Sea el primero en etiquetar este registro!
|
MARC
| LEADER | 00000cam a22000007a 4500 | ||
|---|---|---|---|
| 020 | |a 9781423901235 |c TZS 78000/= | ||
| 040 | |a MUL |b eng |e AACR | ||
| 082 | 0 | 4 | |a 005.133 TYM |
| 100 | 1 | |a Tymann, Paul T. | |
| 245 | 1 | 0 | |a Modern software development using Java / |c Paul T. Tymann, G. Michael Schneider. |
| 250 | |a 2nd ed. | ||
| 260 | |a Boston : |b Thomson Course Technology, |c c2008. | ||
| 300 | |a xiv, 946 p. : |b ill. (some col.) ; |c 24 cm. | ||
| 500 | |a Includes review questions | ||
| 504 | |a Includes index | ||
| 650 | 0 | |a Java (Computer program language) | |
| 650 | 0 | |a Computer software | |
| 700 | 1 | |a Schneider, G. Michael. | |
| 942 | |c BK | ||
| 999 | |c 6822 |d 6822 | ||